[Event "Druzynowe Mistrzostwa Polski - Ekstraliga 2023"]
[Site "Lublin"]
[Date "1899-12-30"]
[Round "2.22"]
[White "Socko, Bartosz"]
[Black "Samunenkov, Ihor"]
[Result "0-1"]
[WhiteTitle "GM"]
[BlackTitle "IM"]
[WhiteElo "2538"]
[BlackElo "2517"]

1. e4 c5 2. Nf3 Nc6 3. d4 cxd4 4. Nxd4 Nf6 5. Nc3 e5 6. Ndb5 d6 7. Nd5 Nxd5 8.
exd5 Nb8 9. a4 Be7 10. Be2 O-O 11. O-O Nd7 12. Be3 a6 13. Na3 f5 14. f4 g5 15.
fxg5 f4 16. Bf2 Bxg5 17. Nc4 Nf6 18. Ra3 Bf5 19. g4 fxg3 20. Bxg3 Be4 21. Bxe5
dxe5 22. Rg3 b5 23. Rxg5+ Kh8 24. Nxe5 Qb6+ 25. Rf2 Bxd5 26. Rgf5 Be4 27. R5f4
Nd5 28. a5 Qa7 29. Rf7 Rg8+ 30. Bg4 Qe3 31. Rd7 Raf8 32. Qe2 Rxf2 33. Qxf2 Qc1+
34. Qf1 Qe3+ 35. Qf2 Qxf2+ 36. Kxf2 Nf6 37. Rd4 Nxg4+ 38. Nxg4 Rxg4 39. Ke3 Bf5
40. Rxg4 Bxg4 41. Kd4 b4 42. Kc5 Bd1 43. Kb6 Be2 44. Kc5 b3 45. c4 Kg7 46. Kb4
Kf6 47. Kxb3 Ke5 48. Kc3 Ke4 49. b3 Ke3 50. h4 h5 51. b4 Bf1 52. b5 axb5 53. c5
Bg2 54. a6 Bc6 55. a7 Ke4 56. Kb4 Kd5 0-1

[Event "Druzynowe Mistrzostwa Polski - Ekstraliga 2023"]
[Site "Lublin"]
[Date "1899-12-30"]
[Round "2.23"]
[White "Kosakowski, Jakub"]
[Black "Janik, Igor"]
[Result "1/2-1/2"]
[WhiteTitle "IM"]
[BlackTitle "GM"]
[WhiteElo "2494"]
[BlackElo "2517"]

1. e4 e5 2. Nf3 Nc6 3. Bb5 a6 4. Ba4 Nf6 5. O-O Bc5 6. c3 O-O 7. d4 Ba7 8. Bg5
h6 9. Bxf6 Qxf6 10. Bxc6 Qxc6 11. Nbd2 exd4 12. cxd4 b5 13. Rc1 Qb7 14. d5 d6
15. Nb3 Bb6 16. Qd2 Bg4 17. Nfd4 Rae8 18. Rfe1 Bd7 19. Na5 Qc8 20. Nac6 Bxc6 21.
Nxc6 Qg4 22. h3 Qh4 23. e5 dxe5 24. Nxe5 Rd8 25. Nc6 Rd7 26. b3 Kh8 27. Re2 Qg5
28. Qxg5 hxg5 29. Rd1 f6 30. Kf1 Kg8 31. Re6 Kf7 32. Ke2 Rh8 33. Re4 Rd6 34. Re7+
Kf8 35. Re6 Kf7 36. Re7+ Kg6 37. Re6 Bc5 38. Ne7+ Kf7 39. Nf5 Rxe6+ 40. dxe6+
Kxe6 41. Nxg7+ Ke5 42. Kf3 Bb4 43. Rd3 c5 44. Re3+ Kd5 45. Ne8 c4 46. Nc7+ Kd4
47. Ne6+ Kd5 48. Nc7+ Kd4 49. Ne6+ Ke5 50. Ke4+ 1/2-1/2

[Event "Druzynowe Mistrzostwa Polski - Ekstraliga 2023"]
[Site "Lublin"]
[Date "1899-12-30"]
[Round "2.24"]
[White "Socko, Monika"]
[Black "Maltsevskaya, Aleksandra"]
[Result "1/2-1/2"]
[WhiteTitle "GM"]
[BlackTitle "IM"]
[WhiteElo "2392"]
[BlackElo "2386"]

1. d4 Nf6 2. c4 g6 3. Nc3 c5 4. d5 Bg7 5. g3 O-O 6. Bg2 d6 7. Nf3 a6 8. a4 e5 9.
O-O Nbd7 10. e4 a5 11. Ne1 Ne8 12. Nd3 f5 13. f4 b6 14. Bd2 Ra7 15. Qc2 Ndf6 16.
fxe5 Nxe4 17. e6 Nxd2 18. Qxd2 Qf6 19. Nb5 Re7 20. g4 Qh4 21. gxf5 gxf5 22. Qf4
Qf6 23. Bh3 Bh6 24. Qf3 Ba6 25. Kh1 Bxb5 26. axb5 Qd4 27. b3 f4 28. Rae1 a4 29.
Re4 Qc3 30. bxa4 Nf6 31. Rc1 Qb3 32. Re2 Qxa4 33. Nf2 Kh8 34. Bf5 Ra8 35. Bd3
Rg8 36. Ree1 Qa3 37. Rg1 Reg7 38. Rcf1 Rxg1+ 39. Rxg1 Rxg1+ 40. Kxg1 Bg5 41. Kg2
Qa7 42. Qh3 Kg8 43. Qf5 Qg7 44. Kf1 Bh4 45. Qxf4 Bxf2 46. Qxf2 Qh6 47. Qg3+ Kh8
48. Ke2 Nh5 49. Qe3 Qxe3+ 50. Kxe3 Kg7 51. Be2 Nf6 52. Kf4 Ng8 53. Kg5 h6+ 54.
Kf5 Ne7+ 55. Kg4 Kf6 56. Kh5 Kg7 57. Bd3 Ng8 58. Kg4 Ne7 59. h4 Kf6 60. Kf4 Kg7
61. Be2 Ng6+ 62. Kg3 Ne7 63. Bh5 Kf6 64. Bg4 Ke5 65. Be2 Kf6 66. Kg4 Kg7 67. Kf4
Ng6+ 68. Kg3 Ne7 69. Bd3 Kf6 70. Kg4 Kg7 71. Bc2 Kf6 72. Kf4 Kg7 73. Ke4 Kf6 1/2-1/2

[Event "Druzynowe Mistrzostwa Polski - Ekstraliga 2023"]
[Site "Lublin"]
[Date "1899-12-30"]
[Round "2.25"]
[White "Volokitin, Andrei"]
[Black "Bjerre, Jonas Buhl"]
[Result "1/2-1/2"]
[WhiteTitle "GM"]
[BlackTitle "GM"]
[WhiteElo "2659"]
[BlackElo "2627"]

1. e4 e5 2. Nf3 Nc6 3. Bc4 Bc5 4. O-O Nf6 5. d3 O-O 6. h3 d5 7. exd5 Nxd5 8. a4
h6 9. Nbd2 Be6 10. Ne4 Bd6 11. Re1 Re8 12. c3 Nf6 13. Bxe6 Rxe6 14. b4 Be7 15.
Ra2 Qd5 16. Rd2 a6 17. Qc2 Rd8 18. Rdd1 Nh5 19. d4 exd4 20. Nxd4 Nxd4 21. Rxd4
Qc6 22. Rxd8+ Bxd8 23. Qd3 Qe8 24. Qd5 Re5 25. Qxb7 f5 26. g4 fxe4 27. gxh5 Bg5
28. Be3 Qxh5 29. Qxc7 Bxe3 30. Rxe3 Qd1+ 31. Kg2 Rg5+ 32. Rg3 Qf3+ 33. Kg1 e3
34. Qd8+ Kh7 35. Qd3+ Kh8 36. Qd8+ Kh7 37. Qd3+ Kh8 38. Qd8+ Kh7 39. Qd3+ 1/2-1/2

[Event "Druzynowe Mistrzostwa Polski - Ekstraliga 2023"]
[Site "Lublin"]
[Date "1899-12-30"]
[Round "2.26"]
[White "Andersen, Mads"]
[Black "Lagarde, Maxime"]
[Result "1/2-1/2"]
[WhiteTitle "GM"]
[BlackTitle "GM"]
[WhiteElo "2614"]
[BlackElo "2607"]

1. e4 e6 2. d4 d5 3. e5 c5 4. c3 Nc6 5. Nf3 Nge7 6. Na3 Bd7 7. Be2 cxd4 8. cxd4
Nf5 9. Nc2 Be7 10. O-O O-O 11. Bd3 f6 12. Bf4 Be8 13. Bxf5 exf5 14. exf6 Bxf6
15. Qd2 h6 16. Rfe1 g5 17. Be5 Be7 18. Qd3 Bg6 19. Rac1 Kh7 20. b4 f4 21. Qb3
Rc8 22. a3 g4 23. Nd2 Bg5 24. Qb2 g3 25. f3 gxh2+ 26. Kh1 Bh4 27. Red1 Qg5 28.
Nf1 Rg8 29. Ne1 Bf5 30. Qd2 Nxe5 31. dxe5 Rxc1 32. Rxc1 Bh3 33. Rc7+ Kh8 34. Qc2
Bf5 35. Qb2 Bxe1 36. e6+ d4 37. Qxd4+ Rg7 38. Rxg7 Qxg7 39. Qd8+ Kh7 40. e7 Bh4
41. Qf8 Bd7 42. e8=Q Bxe8 43. Qxe8 Bg3 44. Qe4+ Kh8 45. Qe8+ Kh7 1/2-1/2

[Event "Druzynowe Mistrzostwa Polski - Ekstraliga 2023"]
[Site "Lublin"]
[Date "1899-12-30"]
[Round "2.27"]
[White "Zilka, Stepan"]
[Black "Nasuta, Grzegorz"]
[Result "0-1"]
[WhiteTitle "GM"]
[BlackTitle "GM"]
[WhiteElo "2600"]
[BlackElo "2579"]

1. d4 d5 2. c4 c6 3. cxd5 cxd5 4. Nc3 Nf6 5. Bf4 Nc6 6. e3 Bg4 7. Qb3 Na5 8. Qa4+
Bd7 9. Qc2 e6 10. Nf3 Rc8 11. Bd3 Bb4 12. O-O Nh5 13. Bg5 f6 14. Bh4 g5 15. Bg3
g4 16. Nd2 Nxg3 17. fxg3 f5 18. a3 Bd6 19. b4 Nc6 20. Nb3 Qg5 21. Rae1 h5 22.
Nc5 h4 23. Nxd7 hxg3 24. Bxf5 Rxh2 25. Nf6+ Ke7 0-1

[Event "Druzynowe Mistrzostwa Polski - Ekstraliga 2023"]
[Site "Lublin"]
[Date "1899-12-30"]
[Round "2.28"]
[White "Kempinski, Robert"]
[Black "Moranda, Wojciech"]
[Result "1/2-1/2"]
[WhiteTitle "GM"]
[BlackTitle "GM"]
[WhiteElo "2550"]
[BlackElo "2561"]

1. Nf3 d5 2. e3 Nf6 3. c4 e6 4. Nc3 c5 5. cxd5 exd5 6. d4 c4 7. Ne5 Nc6 8. Be2
Bb4 9. Bd2 O-O 10. O-O Re8 11. Nxc6 bxc6 12. b3 cxb3 13. Qxb3 Bd6 14. Qc2 Bc7
15. Rfc1 1/2-1/2

[Event "Druzynowe Mistrzostwa Polski - Ekstraliga 2023"]
[Site "Lublin"]
[Date "1899-12-30"]
[Round "2.29"]
[White "Plat, Vojtech"]
[Black "Bobras, Piotr"]
[Result "1-0"]
[WhiteTitle "GM"]
[BlackTitle "GM"]
[WhiteElo "2476"]
[BlackElo "2463"]

1. e4 c5 2. Nf3 Nc6 3. c3 d5 4. exd5 Qxd5 5. d4 Nf6 6. Be2 e6 7. O-O Be7 8. Na3
cxd4 9. Nb5 Qd8 10. Nbxd4 Nxd4 11. Nxd4 O-O 12. Bf4 Nd5 13. Bg3 Bd7 14. Bf3 Bc6
15. Nxc6 bxc6 16. c4 Nb6 17. Qc2 Qd4 18. b3 Rac8 19. Rad1 Qc5 20. Bf4 Nd5 21.
Bd2 Nb4 22. Qe4 Qa5 23. Bc3 Bf6 24. Bxf6 gxf6 25. Qg4+ Kh8 26. Qh4 Kg7 27. Rd4
Qe5 28. Re4 Qf5 29. Rg4+ 1-0

[Event "Druzynowe Mistrzostwa Polski - Ekstraliga 2023"]
[Site "Lublin"]
[Date "1899-12-30"]
[Round "2.30"]
[White "Cyfka, Karina"]
[Black "Javakhishvili, Lela"]
[Result "0-1"]
[WhiteTitle "IM"]
[BlackTitle "IM"]
[WhiteElo "2351"]
[BlackElo "2446"]

1. d4 Nf6 2. c4 e6 3. Nc3 Bb4 4. e3 O-O 5. Bd2 b6 6. Nf3 c5 7. a3 Bxc3 8. Bxc3
Ne4 9. Qc2 Bb7 10. dxc5 bxc5 11. O-O-O Nxc3 12. Qxc3 Nc6 13. h4 Qe7 14. Bd3 Rad8
15. Bc2 d6 16. Ng5 f5 17. Rd2 Ne5 18. f4 Ng4 19. h5 h6 20. Nf3 Nf6 21. Qa5 Be4
22. Nh4 Rf7 23. Ng6 Qc7 24. Qxc7 Rxc7 25. Bd1 Bc6 26. Bf3 Ba4 27. Rd3 Ne4 28.
Rf1 Rb7 29. Bxe4 fxe4 30. Rc3 Kf7 31. f5 e5 32. f6 gxf6 33. Nh4 Rdb8 34. Rf2 Ke6
35. Nf5 Rg8 36. Nxh6 Rh8 37. Nf5 Rxh5 38. Ng3 Rh4 39. Kb1 Rg7 40. Nf1 f5 41. b3
Be8 42. g3 Rh1 43. Rc1 Bh5 44. b4 cxb4 45. axb4 Bg4 46. c5 Bh3 47. cxd6 Rxf1 48.
Rfxf1 Bxf1 49. Rxf1 Rxg3 50. d7 Rg8 51. Rh1 Kxd7 52. Rh7+ Ke6 53. Rh6+ Kd5 54.
Rf6 Rg5 55. Kc2 Kc4 56. Rc6+ Kxb4 57. Re6 Rg2+ 58. Kd1 a5 59. Rxe5 a4 60. Kc1
a3 61. Kb1 Rf2 62. Re8 Kc3 63. Ra8 Rf1+ 64. Ka2 Kd2 65. Rxa3 Rf3 0-1

[Event "Druzynowe Mistrzostwa Polski - Ekstraliga 2023"]
[Site "Lublin"]
[Date "1899-12-30"]
[Round "3.1"]
[White "Bjerre, Jonas Buhl"]
[Black "Wojtaszek, Radoslaw"]
[Result "1/2-1/2"]
[WhiteTitle "GM"]
[BlackTitle "GM"]
[WhiteElo "2627"]
[BlackElo "2675"]

1. e4 c6 2. Nf3 d5 3. Nc3 Bg4 4. d4 e6 5. Be2 Be7 6. O-O Nf6 7. e5 Ne4 8. Nxe4
dxe4 9. Nd2 Bxe2 10. Qxe2 Qxd4 11. Qxe4 Qxe4 12. Nxe4 Nd7 1/2-1/2

[Event "Druzynowe Mistrzostwa Polski - Ekstraliga 2023"]
[Site "Lublin"]
[Date "1899-12-30"]
[Round "3.2"]
[White "Abasov, Nijat"]
[Black "Andersen, Mads"]
[Result "1-0"]
[WhiteTitle "GM"]
[BlackTitle "GM"]
[WhiteElo "2677"]
[BlackElo "2614"]

1. d4 d5 2. c4 e6 3. Nf3 c5 4. cxd5 exd5 5. Bg5 Nf6 6. Nc3 Be6 7. g3 Nc6 8. Bg2
h6 9. Bxf6 Qxf6 10. O-O O-O-O 11. Qa4 Kb8 12. Rad1 a6 13. dxc5 Bxc5 14. Ne1 Bd4
15. Nd3 Rd7 16. Rc1 Rc8 17. Nf4 Qe5 18. Rfd1 Rcd8 19. e3 Ba7 20. Nce2 Rd6 21.
b4 Ne7 22. Nd3 Qf6 23. Nc5 Bg4 24. Rd2 Bxe2 25. Rxe2 Rc6 26. Rec2 Qe5 27. b5 Rxc5
28. Rxc5 Bxc5 29. Rxc5 b6 30. Rc1 a5 31. Rd1 f5 32. Qh4 Rc8 33. a4 Rc4 34. Qh5
Qe6 35. h3 Rc5 36. Rd4 Ng8 37. Bf3 g6 38. Qh4 Qd6 39. g4 g5 40. Qh5 fxg4 41. hxg4
Qe6 42. e4 Ne7 43. exd5 Qe1+ 44. Kg2 Rc2 45. Qe8+ Ka7 46. Qd7+ Kb8 47. Qd6+ Ka7
48. Rd2 Qxd2 49. Qxe7+ Kb8 50. Qf8+ Ka7 51. Be4 Qe2 52. Qe7+ Kb8 53. Qd6+ Kb7
54. Bxc2 1-0

[Event "Druzynowe Mistrzostwa Polski - Ekstraliga 2023"]
[Site "Lublin"]
[Date "1899-12-30"]
[Round "3.3"]
[White "Nasuta, Grzegorz"]
[Black "Kollars, Dmitrij"]
[Result "1/2-1/2"]
[WhiteTitle "GM"]
[BlackTitle "GM"]
[WhiteElo "2579"]
[BlackElo "2641"]

1. e4 c6 2. d4 d5 3. e5 c5 4. dxc5 e6 5. a3 Bxc5 6. Nf3 f6 7. b4 Be7 8. Bb2 a5
9. b5 Nd7 10. c4 fxe5 11. cxd5 exd5 12. Qxd5 Ngf6 13. Qa2 Bc5 14. Qe6+ Qe7 15.
Qxe7+ Kxe7 16. Nbd2 e4 17. Ng5 e3 18. fxe3 Bxe3 19. Nge4 Re8 20. Nc4 Bf4 21. Nxf6
Nxf6 22. Be2 Bg4 23. Bxf6+ Kxf6 24. O-O Bxe2 25. Rxf4+ Kg5 26. Rd4 Bxc4 27. Rxc4
Rac8 28. Rac1 Rxc4 29. Rxc4 Re3 30. Rc7 1/2-1/2

[Event "Druzynowe Mistrzostwa Polski - Ekstraliga 2023"]
[Site "Lublin"]
[Date "1899-12-30"]
[Round "3.4"]
[White "Teclaf, Pawel"]
[Black "Kempinski, Robert"]
[Result "1/2-1/2"]
[WhiteTitle "GM"]
[BlackTitle "GM"]
[WhiteElo "2586"]
[BlackElo "2550"]

1. e4 c5 2. Nc3 d6 3. Nge2 Nf6 4. d4 cxd4 5. Nxd4 a6 6. Be3 e6 7. Be2 Nc6 8. f4
Bd7 9. Qd2 b5 10. a3 Rc8 11. Nxc6 Bxc6 12. Bf3 Be7 13. O-O-O Nd7 14. Kb1 O-O 15.
Rhe1 a5 16. Bd4 b4 17. Na2 e5 18. fxe5 dxe5 19. Bf2 bxa3 20. b3 Qc7 21. Qc3 Rfd8
22. Bg4 Qb7 23. Bxd7 Rxd7 24. Rxd7 Qxd7 25. Qxe5 a4 26. b4 Bb5 27. Bc5 Bxc5 28.
bxc5 Bc4 29. Ka1 Bxa2 30. Kxa2 Qd2 31. Rb1 Qxc2+ 32. Ka1 h6 33. Rb8 1/2-1/2

[Event "Druzynowe Mistrzostwa Polski - Ekstraliga 2023"]
[Site "Lublin"]
[Date "1899-12-30"]
[Round "3.5"]
[White "Bobras, Piotr"]
[Black "Heberla, Bartlomiej"]
[Result "1/2-1/2"]
[WhiteTitle "GM"]
[BlackTitle "GM"]
[WhiteElo "2463"]
[BlackElo "2552"]

1. d4 Nf6 2. c4 g6 3. Nc3 Bg7 4. e4 d6 5. h3 O-O 6. Be3 Nbd7 7. Nf3 e5 8. d5 Nc5
9. Nd2 a5 10. g4 c6 11. Be2 a4 12. a3 Bd7 13. g5 Ne8 14. h4 f6 15. Qc2 cxd5 16.
cxd5 Rc8 17. O-O-O b5 18. Kb1 fxg5 19. hxg5 Qa5 20. Rh4 Rf7 21. Rdh1 Bh8 22. Qd1
Nb3 23. Nxb3 axb3 24. Qxb3 Nc7 25. Qb4 Qxb4 26. axb4 Rb8 27. Kc2 h5 28. gxh6 Kh7
29. Rg1 Ne8 30. Bg4 Nf6 31. Bxd7 Rxd7 32. Ra1 Nh5 33. Ra5 Bf6 34. Rh1 Bd8 35.
Rxb5 Ra8 36. Ne2 Rf7 37. Kd2 Nf6 38. f3 Nh5 39. Rh3 Rc7 40. Nc3 Rf7 41. Ne2 Rc8
42. Nc3 Ra8 1/2-1/2

[Event "Druzynowe Mistrzostwa Polski - Ekstraliga 2023"]
[Site "Lublin"]
[Date "1899-12-30"]
[Round "3.6"]
[White "Kiolbasa, Oliwia"]
[Black "Cyfka, Karina"]
[Result "1/2-1/2"]
[WhiteTitle "IM"]
[BlackTitle "IM"]
[WhiteElo "2387"]
[BlackElo "2351"]

1. e4 e5 2. d4 exd4 3. Nf3 Nc6 4. Nxd4 Nf6 5. Nxc6 bxc6 6. e5 Qe7 7. Qe2 Nd5 8.
h4 Qe6 9. g3 d6 10. c4 Nb6 11. Bg2 dxe5 12. Nd2 Be7 13. b3 O-O 14. Bb2 f6 15.
O-O a5 16. Rfd1 a4 17. Bc3 Rd8 18. Qe4 Bd7 19. Nf1 Be8 20. Kh2 axb3 21. axb3 Rxa1
22. Rxd8 Bxd8 23. Bxa1 Bd7 24. Ne3 Be7 1/2-1/2

[Event "Druzynowe Mistrzostwa Polski - Ekstraliga 2023"]
[Site "Lublin"]
[Date "1899-12-30"]
[Round "3.7"]
[White "Navara, David"]
[Black "Volokitin, Andrei"]
[Result "1/2-1/2"]
[WhiteTitle "GM"]
[BlackTitle "GM"]
[WhiteElo "2688"]
[BlackElo "2659"]

1. e4 c5 2. Nf3 d6 3. Bb5+ Nd7 4. c3 Ngf6 5. Bd3 g6 6. Bc2 b5 7. d4 cxd4 8. cxd4
Bb7 9. Nbd2 Bg7 10. O-O O-O 11. Re1 a5 12. a4 bxa4 13. Rxa4 Qc7 14. Nb1 Nb6 15.
Ra1 Rfc8 16. Nc3 a4 17. Bd3 Qd7 18. h3 a3 19. Qb3 axb2 20. Bxb2 Qd8 21. Rxa8 Rxa8
22. Ng5 e6 23. Nb5 d5 24. e5 Ne8 25. h4 Nc4 26. Bxc4 dxc4 27. Qxc4 Bd5 28. Qe2
h6 29. Nf3 Bxf3 30. gxf3 Qxh4 31. Bc1 Qd8 32. Be3 Nc7 33. Nxc7 Qxc7 34. Rc1 Qb7
35. Kg2 Rc8 36. Rh1 h5 37. Qd3 Qd5 38. Qe4 Rd8 39. Rc1 Qd7 40. Rb1 Rc8 41. Rb7
Rc7 42. Rb6 Qd8 43. Rd6 Qe8 44. Bg5 Kh7 45. Rd8 Qb5 46. Qf4 Ra7 47. Rc8 Qa6 48.
Qc1 Rb7 49. Qc6 Qxc6 50. Rxc6 Bh6 51. Bf6 Bg7 52. Bg5 Bf8 53. Kg3 Be7 54. Bxe7
Rxe7 55. Rd6 Rb7 1/2-1/2

[Event "Druzynowe Mistrzostwa Polski - Ekstraliga 2023"]
[Site "Lublin"]
[Date "1899-12-30"]
[Round "3.8"]
[White "Lagarde, Maxime"]
[Black "Tari, Aryan"]
[Result "1-0"]
[WhiteTitle "GM"]
[BlackTitle "GM"]
[WhiteElo "2607"]
[BlackElo "2635"]

1. Nf3 Nf6 2. g3 c5 3. Bg2 Nc6 4. O-O d5 5. d4 e6 6. c4 dxc4 7. Na3 cxd4 8. Nxc4
Bc5 9. a3 a5 10. b3 O-O 11. Bb2 Re8 12. Rc1 Ba7 13. b4 axb4 14. axb4 d3 15. b5
Nb4 16. Ra1 Nc2 17. b6 Nxa1 18. Qxa1 dxe2 19. Re1 Qd5 20. Ne3 Qb5 21. bxa7 e5
22. Bxe5 Re6 23. Bb8 Qe8 24. Rxe2 Nd7 25. Nf5 Qf8 26. Rc2 f6 27. Qa2 1-0

[Event "Druzynowe Mistrzostwa Polski - Ekstraliga 2023"]
[Site "Lublin"]
[Date "1899-12-30"]
[Round "3.9"]
[White "Piorun, Kacper"]
[Black "Zilka, Stepan"]
[Result "1/2-1/2"]
[WhiteTitle "GM"]
[BlackTitle "GM"]
[WhiteElo "2594"]
[BlackElo "2600"]

1. e4 e5 2. Nf3 Nc6 3. Bb5 a6 4. Ba4 Nf6 5. O-O Nxe4 6. d4 Be7 7. Re1 b5 8. Bb3
d5 9. dxe5 Be6 10. c3 Na5 11. Bc2 c5 12. Nbd2 Nxd2 13. Qxd2 Nc6 14. Qf4 h6 15.
a4 g5 16. Qe3 d4 17. cxd4 cxd4 18. Qe2 Nb4 19. Bd3 bxa4 20. Bd2 Rb8 21. Rxa4 Qd7
22. Rea1 Nxd3 23. Qxd3 Rxb2 24. Nxd4 O-O 25. Bc3 Rb6 26. h4 Rc8 27. Qg3 Rc4 28.
Rxc4 Bxc4 29. hxg5 hxg5 30. Rc1 Rh6 31. Bb4 Qxd4 32. Bxe7 g4 33. Bg5 Rh5 34. Bf6
Be6 35. Rb1 Kh7 36. Qa3 Qe4 37. Rd1 Bd5 38. Qd3 Qxd3 39. Rxd3 Be6 40. Rd6 Bc4
41. Rd8 Be2 42. f3 gxf3 43. Rh8+ Kg6 44. Rg8+ Kh7 45. Rg7+ Kh6 46. g4 Rh1+ 47.
Kf2 Rh2+ 48. Ke3 Rg2 49. Rg8 Kh7 50. Rg7+ Kh6 51. Rg8 Kh7 1/2-1/2

[Event "Druzynowe Mistrzostwa Polski - Ekstraliga 2023"]
[Site "Lublin"]
[Date "1899-12-30"]
[Round "3.10"]
[White "Moranda, Wojciech"]
[Black "Socko, Bartosz"]
[Result "1/2-1/2"]
[WhiteTitle "GM"]
[BlackTitle "GM"]
[WhiteElo "2561"]
[BlackElo "2538"]

1. d4 Nf6 2. c4 e6 3. Nf3 Bb4+ 4. Bd2 Qe7 5. g3 Bxd2+ 6. Qxd2 Nc6 7. a3 d5 8. Qc3
dxc4 9. Bg2 O-O 10. Nbd2 Rd8 11. Nxc4 Nd5 12. Qd3 b6 13. O-O Ba6 14. Qc2 Bxc4
15. Qxc4 Na5 16. Qa4 Qe8 17. Qxe8+ Rxe8 18. Nd2 c5 19. dxc5 bxc5 20. Rac1 Rac8
21. Rc2 c4 22. Rfc1 Nb6 23. Kf1 Kf8 24. Ke1 Ke7 25. e3 Red8 26. Bf1 Rb8 27. Nxc4
1/2-1/2

[Event "Druzynowe Mistrzostwa Polski - Ekstraliga 2023"]
[Site "Lublin"]
[Date "1899-12-30"]
[Round "3.12"]
[White "Javakhishvili, Lela"]
[Black "Socko, Monika"]
[Result "1/2-1/2"]
[WhiteTitle "IM"]
[BlackTitle "GM"]
[WhiteElo "2446"]
[BlackElo "2392"]

1. Nf3 Nf6 2. c4 e6 3. g3 d5 4. Bg2 dxc4 5. Qa4+ Nbd7 6. Qxc4 a6 7. Qc2 c5 8. Nc3
Be7 9. O-O O-O 10. Rd1 Qc7 11. d4 cxd4 12. Nxd4 Nb6 13. Bg5 h6 14. Bxf6 Bxf6 15.
Ne4 Bd8 16. Rac1 Qxc2 17. Nxc2 Be7 18. Ne3 Rb8 19. Nd6 Bg5 20. Nxc8 Rfxc8 21.
Rxc8+ Nxc8 22. Rd7 b5 23. Rb7 Rxb7 24. Bxb7 Nd6 25. Bxa6 Bxe3 26. fxe3 Kf8 27.
b3 b4 28. Bd3 e5 1/2-1/2

[Event "Druzynowe Mistrzostwa Polski - Ekstraliga 2023"]
[Site "Lublin"]
[Date "1899-12-30"]
[Round "3.13"]
[White "Nguyen, Thai Dai Van"]
[Black "Ivanchuk, Vasyl"]
[Result "1-0"]
[WhiteTitle "GM"]
[BlackTitle "GM"]
[WhiteElo "2606"]
[BlackElo "2664"]

1. d4 Nf6 2. c4 e6 3. Nc3 Bb4 4. Qc2 O-O 5. e4 d6 6. e5 Bxc3+ 7. Qxc3 Ne4 8. Qe3
f5 9. Bd3 dxe5 10. dxe5 Nd7 11. Nf3 b6 12. O-O Bb7 13. Bxe4 Bxe4 14. Nd4 Qe7 15.
b3 a6 16. Qg3 Qf7 17. Ne2 Rfe8 18. Rd1 Nf8 19. f3 Bb7 20. h4 Rad8 21. Bg5 Rxd1+
22. Rxd1 Kh8 23. Be3 Re7 24. Nf4 Rd7 25. Rxd7 Qxd7 26. h5 h6 27. Qe1 Kg8 28. a4
Kf7 29. Kf2 Qe7 30. Qd2 g5 31. hxg6+ Nxg6 32. Nd3 h5 33. Bg5 Qd7 34. Qe3 a5 35.
Bf6 Ke8 36. Qh6 1-0

[Event "Druzynowe Mistrzostwa Polski - Ekstraliga 2023"]
[Site "Lublin"]
[Date "1899-12-30"]
[Round "3.14"]
[White "Oleksiyenko, Mykhaylo"]
[Black "Svane, Rasmus"]
[Result "1/2-1/2"]
[WhiteTitle "GM"]
[BlackTitle "GM"]
[WhiteElo "2587"]
[BlackElo "2641"]

1. e4 e5 2. Nf3 Nc6 3. Bb5 a6 4. Ba4 Nf6 5. O-O Nxe4 6. d4 b5 7. Bb3 d5 8. dxe5
Be6 9. Qe2 Be7 10. Rd1 O-O 11. c3 Qd7 12. Nbd2 Nc5 13. Bc2 f6 14. exf6 Bxf6 15.
Nb3 Na4 16. Nbd4 Nxd4 17. cxd4 Bg4 18. h3 Bh5 19. g4 Bxg4 20. hxg4 Qxg4+ 21. Kf1
Qh3+ 22. Kg1 Qg4+ 23. Kf1 Qh3+ 24. Kg1 Qg4+ 1/2-1/2

[Event "Druzynowe Mistrzostwa Polski - Ekstraliga 2023"]
[Site "Lublin"]
[Date "1899-12-30"]
[Round "3.15"]
[White "Berkes, Ferenc"]
[Black "Galperin, Platon"]
[Result "1/2-1/2"]
[WhiteTitle "GM"]
[BlackTitle "GM"]
[WhiteElo "2622"]
[BlackElo "2571"]

1. d4 d5 2. c4 e6 3. Nf3 Nf6 4. Nc3 c5 5. cxd5 exd5 6. Bg5 Be6 7. Bxf6 Qxf6 8.
e4 dxe4 9. Nxe4 Qf4 10. Bb5+ Nc6 11. Qe2 Be7 12. O-O O-O 13. Nxc5 Nxd4 14. Nxd4
Bxc5 15. Nxe6 fxe6 16. g3 Qf6 17. Rad1 Rad8 18. Rxd8 Rxd8 19. Bd3 g6 20. Kg2 Kg7
21. h4 b6 22. b3 a5 23. a4 Qc3 24. Bc4 Rd2 25. Qxe6 Qf6 26. Qxf6+ 1/2-1/2

[Event "Druzynowe Mistrzostwa Polski - Ekstraliga 2023"]
[Site "Lublin"]
[Date "1899-12-30"]
[Round "3.16"]
[White "Samunenkov, Ihor"]
[Black "Dardha, Daniel"]
[Result "1/2-1/2"]
[WhiteTitle "IM"]
[BlackTitle "GM"]
[WhiteElo "2517"]
[BlackElo "2586"]

1. d4 Nf6 2. c4 e6 3. Nf3 d5 4. g3 Bb4+ 5. Bd2 Be7 6. Bg2 Nbd7 7. O-O c6 8. Qc2
O-O 9. Rc1 a5 10. a3 b5 11. c5 Ne4 12. Be3 f5 13. Ne5 Nxe5 14. dxe5 Bd7 15. f3
Ng5 16. Nd2 Nf7 17. f4 g5 18. Nf3 Kh8 19. Bd4 Rg8 20. e3 h5 21. Qe2 g4 22. Ne1
Nh6 23. Nd3 Kh7 24. Kf2 Qc7 25. Qd2 Rgb8 26. Rh1 Be8 27. Bf1 Bg6 28. Be2 Kg7 29.
Rag1 Bd8 30. Ra1 1/2-1/2

[Event "Druzynowe Mistrzostwa Polski - Ekstraliga 2023"]
[Site "Lublin"]
[Date "1899-12-30"]
[Round "3.17"]
[White "Pultinevicius, Paulius"]
[Black "Kosakowski, Jakub"]
[Result "1/2-1/2"]
[WhiteTitle "GM"]
[BlackTitle "IM"]
[WhiteElo "2572"]
[BlackElo "2494"]

1. d4 Nf6 2. c4 g6 3. Nc3 Bg7 4. e4 d6 5. Nf3 O-O 6. Be2 Nbd7 7. O-O e5 8. Re1
c6 9. d5 Qe7 10. Bg5 h6 11. Be3 c5 12. g3 Kh7 13. Nh4 Ng8 14. a3 Ndf6 15. b4 b6
16. Rb1 h5 17. f3 Bh6 18. Bf2 Kg7 19. Rb2 Nh7 20. bxc5 bxc5 21. Bf1 Ng5 22. Be3
Nh3+ 23. Kg2 Bxe3 24. Rxe3 Nh6 25. Qb1 Qf6 26. Kh1 g5 27. Ng2 Rb8 28. Rxb8 Nf2+
29. Kg1 1/2-1/2

[Event "Druzynowe Mistrzostwa Polski - Ekstraliga 2023"]
[Site "Lublin"]
[Date "1899-12-30"]
[Round "3.18"]
[White "Maltsevskaya, Aleksandra"]
[Black "Buksa, Nataliya"]
[Result "0-1"]
[WhiteTitle "IM"]
[BlackTitle "IM"]
[WhiteElo "2386"]
[BlackElo "2352"]

1. d4 d5 2. c4 e6 3. Nc3 Nf6 4. Nf3 Nbd7 5. Qc2 c5 6. cxd5 Nxd5 7. Nxd5 exd5 8.
g3 c4 9. Bg2 Bb4+ 10. Bd2 Bxd2+ 11. Nxd2 Nf6 12. O-O O-O 13. b3 cxb3 14. Qxb3
Re8 15. e3 Qa5 16. Qb2 Bf5 17. Rfc1 Rac8 18. Nf3 b6 19. Ne5 Qa4 20. Bf1 Rxc1 21.
Rxc1 Rc8 22. Rxc8+ Bxc8 23. Qc1 Be6 24. Qc7 h5 25. Bd3 Ne4 26. Qd8+ Kh7 27. Qh4
g6 28. Bxe4 dxe4 29. Kg2 Qxa2 30. g4 Qe2 31. h3 Kg7 32. Qe7 hxg4 33. hxg4 a5 34.
Qb7 Qd1 35. g5 a4 36. Qe7 Qb3 37. Qf6+ Kh7 38. Nc6 a3 39. Qf4 Qd1 40. Qh4+ Qh5
0-1

[Event "Druzynowe Mistrzostwa Polski - Ekstraliga 2023"]
[Site "Lublin"]
[Date "1899-12-30"]
[Round "3.19"]
[White "Pechac, Jergus"]
[Black "Bluebaum, Matthias"]
[Result "1/2-1/2"]
[WhiteTitle "GM"]
[BlackTitle "GM"]
[WhiteElo "2598"]
[BlackElo "2670"]

1. c4 e6 2. Nf3 d5 3. g3 dxc4 4. Bg2 a6 5. Qc2 Bd6 6. Qxc4 Nf6 7. e4 Nc6 8. O-O
O-O 9. Nc3 e5 10. d4 exd4 11. Nxd4 Nxd4 12. Qxd4 Qe7 13. Qd3 Be6 14. Qc2 1/2-1/2

[Event "Druzynowe Mistrzostwa Polski - Ekstraliga 2023"]
[Site "Lublin"]
[Date "1899-12-30"]
[Round "3.20"]
[White "Donchenko, Alexander"]
[Black "Leniart, Arkadiusz"]
[Result "1/2-1/2"]
[WhiteTitle "GM"]
[BlackTitle "GM"]
[WhiteElo "2679"]
[BlackElo "2503"]

1. c4 Nf6 2. Nc3 e6 3. e4 d5 4. cxd5 exd5 5. e5 Ne4 6. Nf3 Nc6 7. Bb5 Nxc3 8. bxc3
a6 9. Ba4 Be7 10. d4 Bf5 11. O-O O-O 12. Re1 Na5 13. Nd2 Qc8 14. Nf1 Nc4 15. Ng3
Bg6 16. Ne2 c6 17. Nf4 Bf5 18. h3 b5 19. Bb3 Na5 20. g4 Nxb3 21. axb3 Bg6 22.
Ba3 Bxa3 23. Rxa3 Qd8 24. Qe2 a5 25. Rea1 Re8 26. Qa2 Qg5 27. Ng2 Be4 28. Qe2
Bxg2 29. Kxg2 f6 30. e6 Qf4 31. Rxa5 Rxa5 32. Rxa5 Qd6 33. b4 Rxe6 34. Ra8+ Kf7
35. Qd3 g6 36. Qg3 Qxg3+ 37. Kxg3 g5 38. Rc8 Kg6 39. Rc7 h5 40. h4 gxh4+ 41. Kxh4
hxg4 42. Kxg4 Re4+ 43. Kg3 Re6 44. Kf4 Re4+ 45. Kg3 Re6 1/2-1/2